000 00251nam a2200097Ia 4500
008 230828s9999 xx 000 0 und d
082 _aCRI BARE-ACTS
245 0 _aCriminal Procedure Code 1973
_h[text]
260 _bEastern Book Company
_c2022
942 _cBK
999 _c2958
_d2958